Vedúci vychovávateľ

Príspevok sa venuje činnosti vedúceho pedagogického zamestnanca na pozícii vedúci vychovávateľ. Pripomenutie, ako činnosť vedúceho pedagogického zamestnanca definuje zákon č. 138/2019 Z. z. o pedagogických zamestnancoch a odborných zamestnancoch. Priblížime kompetenčný profil vedúceho vychovávateľa...

Celý popis

Uložené v:
Podrobná bibliografia
Hlavný autor: Matulová Juríková, Zdenka
Médium: Kapitola
Jazyk:Slovak
Predmet:
Tagy: Pridať tag
Žiadne tagy, Buďte prvý, kto otaguje tento záznam!

MARC

LEADER 00000naa a2200000 4500
001 0304740
005 20241023092252.9
041 0 |a slo 
044 |a SK 
245 1 0 |a Vedúci vychovávateľ  |c Zdenka Matulová Juríková 
520 |a Príspevok sa venuje činnosti vedúceho pedagogického zamestnanca na pozícii vedúci vychovávateľ. Pripomenutie, ako činnosť vedúceho pedagogického zamestnanca definuje zákon č. 138/2019 Z. z. o pedagogických zamestnancoch a odborných zamestnancoch. Priblížime kompetenčný profil vedúceho vychovávateľa podľa Pokynu ministra č. 39/2017, ktorým sa vydávajú profesijné štandardy pre jednotlivé kategórie a podkategórie pedagogických zamestnancov a odborných zamestnancov škôl a školských zariadení. 
610 2 0 |a pedagógovia 
610 2 0 |a výchova 
610 2 0 |a zariadenia školské 
610 2 0 |a zamestnanci odborní 
610 2 0 |a zákony 
610 2 0 |a riadenie 
100 1 |a Matulová Juríková, Zdenka